00520nam a2200145 u 450000100100000000500170001000800410002704000250006808200140009324500680010726000480017530000210022395201130024499900170035700002039520200929170410.0100813s1972 000 0 spa d aDO-SdBNPbspacBNPHU axxxbxxxx10aLa dominación de América Latina. /cJosé Matos Mar, Comp. aBuenos Aires, :bAmorrortu Editores,c1972. a180 p. ;c21 cm. 0010507-18MOaGRbGRcOId2017-05-22iLF1l0oxxx xxxxp20395-10r2020-06-25w2020-06-25y1ZNo se presta c19899d19899